|
|
|
|
| LEADER |
01577nam a2200457 a 4500 |
| 001 |
nkc20132508034 |
| 003 |
CZ PrNK |
| 005 |
20140227092916.0 |
| 007 |
ta |
| 008 |
131018s2013 xr a b 000 0 cze |
| 015 |
|
|
|a cnb002508034
|
| 020 |
|
|
|a 978-80-256-1163-0
|q (brož.)
|
| 035 |
|
|
|a (OCoLC)870287302
|
| 040 |
|
|
|a BOA001
|b cze
|
| 041 |
1 |
|
|a cze
|h eng
|
| 072 |
|
7 |
|a 821-93
|x Literatura pro děti a mládež (beletrie)
|2 Konspekt
|9 26
|
| 080 |
|
|
|a 821-93
|2 MRF
|
| 080 |
|
|
|a (076.1)
|2 MRF
|
| 080 |
|
|
|a (084.1.029.2)
|2 MRF
|
| 245 |
0 |
0 |
|a Holky :
|b 2000 samolepek : aktivity a domalovánky pro malé slečny
|
| 246 |
1 |
8 |
|a Holky - 2000 samolepek
|
| 250 |
|
|
|a 1. české vyd.
|
| 260 |
|
|
|a Praha :
|b Svojtka & Co.,
|c 2013
|
| 300 |
|
|
|a [48] s. :
|b il. (převážně barev.) ;
|c 30 cm +
|e 8 l. samolepek
|
| 500 |
|
|
|a Přeloženo z angličtiny
|
| 500 |
|
|
|a Překlad Alena Heroutová
|
| 500 |
|
|
|a Listy se samolepkami všity uprostřed pub.
|
| 521 |
8 |
|
|a Pro děti od 3 let
|
| 655 |
|
7 |
|a publikace pro děti
|7 fd133156
|2 czenas
|
| 655 |
|
7 |
|a pracovní sešity
|7 fd133116
|2 czenas
|
| 655 |
|
7 |
|a samolepky
|7 fd119297
|2 czenas
|
| 655 |
|
9 |
|a children's literature
|2 eczenas
|
| 655 |
|
9 |
|a activity books
|2 eczenas
|
| 655 |
|
9 |
|a stickers
|2 eczenas
|
| 700 |
1 |
|
|a Heroutová, Alena
|7 xx0122629
|4 trl
|
| 765 |
0 |
|
|t Girls 2000 stickers - puzzly, pretty, cutesy and doodly
|9 Česky
|
| 910 |
2 |
|
|a BOA001
|b 4-1317.622
|
| 990 |
|
|
|a BK
|
| 995 |
|
|
|a 01
|
| 991 |
|
|
|b 201401
|e db
|
| 996 |
6 |
|
|b 2610575270
|c 4-1317.622
|l MZK
|r Sklad / do 1 hodiny
|n 0
|p p.v.
|w 001392105
|u 000010
|a 1
|e BOA001
|j MZK50
|s P
|